000 00658nam a2200193Ia 4500
003 IN-BaIIA
008 211028s9999 xx 000 0 eng d
040 _cIIA Library
080 _a083.8:524.3-355
_bMCA
100 _aMcAlister, Harold A
_914488
245 0 _aCatalogue of interferometric measurements of binary stars
_cWilliam I Hartkopf and Harold A McAlister
260 _aGeorgia
_bGeorgia State University
_c1984
300 _a[various pagings.]
650 _aAstronomy and Astrophysics Thesaurus
650 _aCatalogue-Binary Stars
_911416
650 _aInterferometric measurements
_914489
700 _aHartkopf, William I
_914490
942 _cBK
999 _c8632
_d8632